000 00275nam a22001217a 4500
003 SGT
082 _a610.72
_bR13G
100 _aGOYAL, R.C.
245 _aRESEARCH METHODOLOGY FOR HEALTH PROFESSIONAL
260 _aINDIA
_bJAYPEE
_c2013
300 _a288
942 _2ddc
_cBK
_06
999 _c12073
_d12073